Повышение механических и трибологических характеристик технически чистого алюминия, подвергнутого комбинированной обработке; Перспективы развития фундаментальных наук; Т. 1 : Физика

Bibliografiske detaljer
Parent link:Перспективы развития фундаментальных наук=Prospects of Fundamental Sciences Development: сборник научных трудов XIV Международной конференции студентов, аспирантов и молодых ученых, г. Томск, 25-28 апреля 2017 г./ Национальный исследовательский Томский политехнический университет (ТПУ) ; под ред. И. А. Курзиной, Г. А. Вороновой.— , 2017
Т. 1 : Физика.— 2017.— [С. 441-443]
Hovedforfatter: Шамиева А. Р.
Institution som forfatter: Национальный исследовательский Томский политехнический университет (ТПУ) Физико-технический институт (ФТИ) Кафедра теоретической и экспериментальной физики (ТиЭФ) Центр технологий (ЦТ)
Andre forfattere: Тересов А. Д. (научный руководитель), Иванов Ю. Ф. Юрий Федорович
Summary:Заглавие с экрана
The results are presented, received at research of phase and elemental composition, defective substructure of surface technically pure aluminium of the A7, subjected to the combined processing combining spraying metal film, electron-beam mixing of system film / substrate and subsequent nitriding in plasma of the gas discharge of low pressure. The analysis of regularities is made, revealed the modes of influence allowing multiple to raise a microhardness and wear resistance of material.
Sprog:russisk
Udgivet: 2017
Fag:
Online adgang:http://earchive.tpu.ru/handle/11683/41505
Format: Electronisk Book Chapter
KOHA link:https://koha.lib.tpu.ru/cgi-bin/koha/opac-detail.pl?biblionumber=622729

MARC

LEADER 00000naa2a2200000 4500
001 622729
005 20231101133227.0
035 |a (RuTPU)RU\TPU\conf\21531 
035 |a RU\TPU\conf\21530 
090 |a 622729 
100 |a 20170705d2017 k y0rusy50 ca 
101 0 |a rus  |d eng 
102 |a RU 
105 |a y z 100zy 
135 |a drcn ---uucaa 
181 0 |a i  
182 0 |a b 
200 1 |a Повышение механических и трибологических характеристик технически чистого алюминия, подвергнутого комбинированной обработке  |d Improve the mechanical and tribological characteristics of technically pure aluminium subjected to the combined processing  |f А. Р. Шамиева, А. Д. Тересов  |g науч. рук. Ю. Ф. Иванов 
203 |a Текст  |c электронный 
230 |a 1 компьютерный файл (pdf; 209 Kb) 
300 |a Заглавие с экрана 
320 |a [Библиогр.: с. 443 (6 назв.)] 
330 |a The results are presented, received at research of phase and elemental composition, defective substructure of surface technically pure aluminium of the A7, subjected to the combined processing combining spraying metal film, electron-beam mixing of system film / substrate and subsequent nitriding in plasma of the gas discharge of low pressure. The analysis of regularities is made, revealed the modes of influence allowing multiple to raise a microhardness and wear resistance of material. 
461 1 |0 (RuTPU)RU\TPU\conf\21388  |t Перспективы развития фундаментальных наук  |l Prospects of Fundamental Sciences Development  |o сборник научных трудов XIV Международной конференции студентов, аспирантов и молодых ученых, г. Томск, 25-28 апреля 2017 г.  |o в 7 т.  |f Национальный исследовательский Томский политехнический университет (ТПУ) ; под ред. И. А. Курзиной, Г. А. Вороновой  |d 2017 
463 1 |0 (RuTPU)RU\TPU\conf\21389  |t Т. 1 : Физика  |v [С. 441-443]  |d 2017 
510 1 |a Improve the mechanical and tribological characteristics of technically pure aluminium subjected to the combined processing  |z eng 
610 1 |a труды учёных ТПУ 
610 1 |a электронный ресурс 
610 1 |a абразивные частицы 
610 1 |a алюминий 
610 1 |a сплавы 
610 1 |a коррозионная стойкость 
610 1 |a комбинированная обработка 
700 1 |a Шамиева  |b А. Р. 
701 1 |a Тересов  |b А. Д. 
702 1 |a Иванов  |b Ю. Ф.  |c физик  |c профессор Томского политехнического университета, доктор физико-математических наук  |f 1955-  |g Юрий Федорович  |2 stltpush  |4 727 
712 0 2 |a Национальный исследовательский Томский политехнический университет (ТПУ)  |b Физико-технический институт (ФТИ)  |b Кафедра теоретической и экспериментальной физики (ТиЭФ)  |b Центр технологий (ЦТ)  |h 408  |2 stltpush  |3 (RuTPU)RU\TPU\col\20620 
801 2 |a RU  |b 63413507  |c 20170718  |g RCR 
856 4 |u http://earchive.tpu.ru/handle/11683/41505 
942 |c BK